| 000 | 00476nam a22001697a 4500 | ||
|---|---|---|---|
| 003 | NUST - PNEC | ||
| 005 | 20170116181135.0 | ||
| 008 | 151007b xxu||||| |||| 00| 0 eng d | ||
| 020 | _a0132027895 | ||
| 040 | _cLIBRARY | ||
| 082 | _a658.1511 COO | ||
| 100 |
_914260 _a Cooper, Robin |
||
| 245 |
_aThe design of cost management systems : text, cases, and readings _cRobin,Cooper |
||
| 260 | _cc 1991 | ||
| 650 |
_914262 _aManagerial accounting _xGeneral |
||
| 942 |
_2ddc _cBK |
||
| 999 |
_c70202 _d70202 |
||